| 000 | 00575nam a22001937a 4500 | ||
|---|---|---|---|
| 005 | 20180807124945.0 | ||
| 010 | _aENG-123690 | ||
| 020 |
_a9788178245102 _c595.00 |
||
| 035 | _aEN-107222 | ||
| 037 | _bDBAD/PUB | ||
| 082 | _a303.61 | ||
| 100 | _aSkarla, Ajay | ||
| 245 |
_aUnconditional equality / _cby Ajay Skarla |
||
| 260 |
_aRanikhet _bPermanent Black _c2017 |
||
| 270 |
_aHimalayana, Mall Road, Ranikhet Cantt. _bRanikhet _e263645 |
||
| 300 | v |
_avii,390p. _c21cm(pbk) |
|
| 500 | _aIt includes notes and index | ||
| 942 |
_2ddc _cEN _mSKA _h303.61 |
||
| 999 |
_c155620 _d155620 |
||